000 00807nam a22002777a 4500
999 _c31154
_d31154
005 20210115155545.0
008 091029t xxu||||| |||| 00| 0 eng d
010 _aENG-95256
020 _a9780070141094
_c325.00
020 _a0070141096
_c325.00
035 _aEN-78789
037 _bDBAD/PUB
040 _aDPL
082 _a621.3822
100 _aNagrath, I. J.
245 _aSignals and systems
_cby I.J. Nagrath, S.N. Sharan and Rakesh Ranjan
250 _a2nd ed.
260 _aNew Delhi
_bTata McGraw-Hill Education
_c2009
270 _a7, West Patel Nagar
_bNew Delhi
_e110008
300 _aviii, 635p.
_c22cm.(Pbk)
500 _aIncludes index
700 _aSharan, S.N.
700 _aRanjan, Rakesh
700 _aRanjan, Rakesh
942 _2ddc
_cEN
_mNAG
_h621.3822